00285nam a2200109Ia 4500008004000000041000800040082001700048100002500065245003100090260004200121300001200163210210b1995 xxu||||| |||| 00| 0 eng d aeng a915.404 LOCF aLOCKE (J Courtenay). aFirst englishmen in India. aN DbAsian Educational Servicesc1995 axvi,229